LEADER 00959nam a2200205 4500 001 000000364292 003 CaOOAMICUS 005 20250915150535.0 008 250915s19681973it a 000 u ita r 040 $aSeMil$bita 245 00$aEnciclopedia italiana delle scienze. 264 1$aNovara :$bIstituto Geografico De Agostini,$c1968-1973. 300 $a24 v. :$bill. ;$c30 cm 650 4$aScienze - Enciclopedie e dizionari.$0(OLS)http://semarc/subject/1431 774 0 $tScienze tecniche.$dNovara : Istituto Geografico De Agostini, 1969-1971.$w()364294 774 0 $tScienze naturali.$dNovara : Istituto Geografico De Agostini, 1968-1969.$w()364305 774 0 $tScienze biologiche.$dNovara : Istituto Geografico De Agostini, 1971-1973.$w()364317 996 $6245$aEnciclopedia italiana delle scienze$9(OLS)http://semarc/title/455657 996 $6264$aNovara :$bIstituto Geografico De Agostini$9(OLS)http://semarc/publisher/31865 LEADER 01213nam a2200265 i 4500 001 000000221635 003 CaOOAMICUS 005 20130731000000.0 008 130731s2012 it u000 u ita u 013 $a200532 020 $a978-88-311-3377-7 040 $aSeMil$bita 100 1 $aDe Marco, Viviana.$0(OLS)http://semarc/name/66496 245 12$aL'esperienza di Dio nell'unità :$bil pensiero filosofico, teologico ed estetico di Klaus Hemmerle /$cViviana De Marco. 260 $aRoma :$bCittà Nuova,$c2012. 300 $a352 p. ;$c21 cm. 490 0 $aCollana di teologia [Città Nuova] ;$v72 600 14$aHemmerle, Klaus.$0(OLS)http://semarc/subject/40702 830 0$aCollana di teologia ;$v72.$0(OLS)http://semarc/title/419465 850 $aSeMil 852 $aSeMil$W1$xVenegono$y1$m2M VI 472$j171984$B171984$CSeMilBibl$Z2$F182559 $81 961 $aSottoscrizione: Città Nuova (Agente) 996 $6020$a978-88-311-3377-7$9(OLS)http://semarc/number/220715 996 $6245$aL'esperienza di Dio nell'unità :$bil pensiero filosofico, teologico ed estetico di Klaus Hemmerle$9(OLS)http://semarc/title/317735 996 $6260$aRoma :$bCittà Nuova$9(OLS)http://semarc/publisher/29609